Countries With No Civil Wars - Statistics

General Stats
  • This quiz has been taken 33 times
  • The average score is 10 of 21
Answer Stats
Continent Country % Correct
North America Canada
80%
Oceania Australia
67%
Oceania Fiji
67%
Africa Kenya
60%
Africa Eswatini
57%
Europe Iceland
57%
Africa Lesotho
57%
Africa Botswana
53%
Africa Madagascar
53%
Africa Malawi
50%
Oceania Solomon Islands
50%
Africa Tanzania
50%
Africa Gabon
47%
Africa Togo
43%
Asia United Arab Emirates
40%
Africa Burkina Faso
37%
Africa Equatorial Guinea
37%
Africa Mauritania
37%
Europe Belarus
23%
Asia Armenia
20%
Asia Turkmenistan
13%
No matching quizzes found
Score Distribution
Percent of People with Each Score
Percentile by Number Answered
Your Score History
You have not taken this quiz